000 00922nam a2200277 c 4500
003 BLK
005 20180421000412.0
008 180411b bul|||||r ||||||| ||bul||
010 _aKNG00195518000
040 _aBLK
041 _aBUL
_cBUL
080 _aБългарска литература
_b821.163.2
_x-32
_z821.163.2-32
100 1 _aНиколов, Кольо Стоянов
_eпърви автор
_9327454
139 _aНиколов, Кольо Стоянов
_bН 74
245 1 0 _aКадифе в разбити улици
_bРазкази
_cКольо Стоянов Николов.
257 _aBGR
260 София
_bПрофиздат
_c1984
300 _a248 с.
_c20 см
380 _aX
500 _a17 147 тир.
852 _aЦб 124848
856 4 _qpdf
_u
856 4 _qpdf
_u
942 _cKNG
_n0
944 _aCR
_c09.11.2016
_kГрета_Цуфелде
944 _aED
_c09.11.2016
_kГрета_Цуфелде
999 _c186523
_d186523